| 000 | 00598nam a2200229Ia 4500 | ||
|---|---|---|---|
| 003 | OSt | ||
| 005 | 20221007063152.0 | ||
| 006 | a|||||r|||| 00| 0 | ||
| 007 | ta | ||
| 008 | 221006b |||||||| |||| 00| 0 eng d | ||
| 024 | _a21,838 | ||
| 037 | _cTextual | ||
| 040 |
_aFLL _cFLL _beng |
||
| 041 |
_2eng _aeng |
||
| 082 | _aZ2,485, M0 | ||
| 100 | _aKhergamvala J.S. Au. | ||
| 245 | 0 | _aNegotiable instruments act | |
| 260 |
_aBombay _bN.M.Tripathi India _c1980 |
||
| 300 |
_a300p _ccm. |
||
| 942 |
_hZ2,485, M0 _cTEXL _2CC |
||
| 999 |
_c1130570 _d1130570 |
||